Statystyki dla Państwa które zawierają spółgłoski obok siebie (ea)

Kliknij tutaj aby rozwiązać quiz!

Ogólne statystyki

  • Ten quiz został rozwiązany 45 razy
  • Średni wynik to 6 z 7

Statystyki odpowiedzi

LiteraPaństwa% Poprawnych
EErytrea
84%
GGwinea
84%
GGwinea Równikowa
84%
KKorea północna
78%
KKorea południowa
78%
GGwinea Bissau
76%
PPapua-Nowa Gwinea
68%

Rozkład punktacji

Percentyl według liczby udzielonych odpowiedzi

Procent ludzi z każdym wynikiem

Twoja historia wyników

Nie rozwiązałeś tego quizu